| 000 | 00547nam a22002057a 4500 | ||
|---|---|---|---|
| 005 | 20240405072502.0 | ||
| 008 | 240405b |||||||| |||| 00| 0 eng d | ||
| 020 | _a9789391661526 | ||
| 040 |
_aIN-DiNC _cIN-DiNC |
||
| 041 | _deng | ||
| 082 |
_a820 _bMOM |
||
| 100 |
_aMomin, Dorothy G _eauthor |
||
| 245 |
_aGlimpses of postcolonial literature/ _cby Dorothy G Momin |
||
| 250 | _a1st ed. | ||
| 260 |
_aMeerut: _bBalaji publishers, _c2022. |
||
| 300 | _a316p. | ||
| 650 | _aAfrican novel | ||
| 650 | _aLatin American novel | ||
| 942 |
_2ddc _cBK |
||
| 999 |
_c11789 _d11789 |
||